<?xml version="1.0" encoding="UTF-8"?>
<record
    xmlns:xsi="http://www.w3.org/2001/XMLSchema-instance"
    xsi:schemaLocation="http://www.loc.gov/MARC21/slim http://www.loc.gov/standards/marcxml/schema/MARC21slim.xsd"
    xmlns="http://www.loc.gov/MARC21/slim">

  <leader>00886nam a2200217Ia 4500</leader>
  <controlfield tag="003">IN-BaIIA</controlfield>
  <controlfield tag="008">211028s9999    xx            000 0 eng d</controlfield>
  <datafield tag="040" ind1=" " ind2=" ">
    <subfield code="c">IIA Library</subfield>
  </datafield>
  <datafield tag="080" ind1=" " ind2=" ">
    <subfield code="a">533.9(082.2)</subfield>
    <subfield code="b">DIF</subfield>
  </datafield>
  <datafield tag="111" ind1=" " ind2=" ">
    <subfield code="a">International Conference on Diffuse Relativistic Plasmas</subfield>
    <subfield code="c">Bangalore</subfield>
    <subfield code="d">2011 Mar. 1-4</subfield>
    <subfield code="9">35276</subfield>
  </datafield>
  <datafield tag="245" ind1=" " ind2="0">
    <subfield code="a">Diffuse relativistic plasmas</subfield>
    <subfield code="b">proceedings of the international conference held at Raman Research Institute, Bangalore, March 1-4, 2011</subfield>
    <subfield code="c">edited by K. S. Dwarakanath...[et al.]</subfield>
  </datafield>
  <datafield tag="260" ind1=" " ind2=" ">
    <subfield code="a">Bangalore</subfield>
    <subfield code="b">Indian Academy of Sciences</subfield>
    <subfield code="c">2012</subfield>
  </datafield>
  <datafield tag="300" ind1=" " ind2=" ">
    <subfield code="a">[various pagings.]</subfield>
  </datafield>
  <datafield tag="650" ind1=" " ind2=" ">
    <subfield code="a">Cosmic evolution-Congresses</subfield>
    <subfield code="9">35277</subfield>
  </datafield>
  <datafield tag="650" ind1=" " ind2=" ">
    <subfield code="a">Plasma physics-Congresses</subfield>
    <subfield code="9">32667</subfield>
  </datafield>
  <datafield tag="700" ind1=" " ind2=" ">
    <subfield code="a">Dwarakanath, K. S., ed.</subfield>
    <subfield code="9">35278</subfield>
  </datafield>
  <datafield tag="700" ind1=" " ind2=" ">
    <subfield code="a">Rudnick, Lawrence, ed.</subfield>
    <subfield code="9">35279</subfield>
  </datafield>
  <datafield tag="700" ind1=" " ind2=" ">
    <subfield code="a">Udaya Shankar, N., ed.</subfield>
    <subfield code="9">35280</subfield>
  </datafield>
  <datafield tag="700" ind1=" " ind2=" ">
    <subfield code="a">Venturi, Tiziana, ed.</subfield>
    <subfield code="9">35281</subfield>
  </datafield>
  <datafield tag="942" ind1=" " ind2=" ">
    <subfield code="c">BK</subfield>
  </datafield>
  <datafield tag="999" ind1=" " ind2=" ">
    <subfield code="c">18391</subfield>
    <subfield code="d">18391</subfield>
  </datafield>
  <datafield tag="952" ind1=" " ind2=" ">
    <subfield code="0">0</subfield>
    <subfield code="1">0</subfield>
    <subfield code="4">0</subfield>
    <subfield code="7">0</subfield>
    <subfield code="a">BAN</subfield>
    <subfield code="b">BAN</subfield>
    <subfield code="c">GEN</subfield>
    <subfield code="d">2012-10-03</subfield>
    <subfield code="l">0</subfield>
    <subfield code="o">533.9(082.2)/ DIF</subfield>
    <subfield code="p">19313</subfield>
    <subfield code="r">2021-11-05</subfield>
    <subfield code="w">2012-10-03</subfield>
    <subfield code="y">BK</subfield>
  </datafield>
</record>
